Yu-Gi-Oh! Archetypes by Picture - D - Statistics

General Stats
  • This quiz has been taken 56 times
  • The average score is 14 of 21
Answer Stats
Picture Answer % Correct
Dark Magician
95%
Dark World
93%
Danger!
88%
Dragonmaid
88%
Deskbot
78%
Destiny HERO
78%
Dinowrestler
76%
Dragunity
68%
D.D.
63%
D/D/D
63%
Dinomist
63%
Darklord
61%
Drytron
61%
Duston
61%
Dream Mirror
59%
Dark Scorpion
56%
Dracoslayer
56%
Despia
51%
Dododo
46%
Dogmatika
46%
Dual Avatar
41%
No matching quizzes found
Score Distribution
Percent of People with Each Score
Percentile by Number Answered
Your Score History
You have not taken this quiz